Datum a čas kvízu
33.5
Celkem bodů
Celkový počet nahraných bodů na tomto kvízu bez doplňovacích otázek.
3.
Pořadí na kvízu
Konečné umístění týmu na tomto kvízu.
Zaznamenané odpovědi
| # | Otázka | Odpověď | Body | Výsledky |
|---|---|---|---|---|
| 1. | Ve čtvrtek 23. 4. si Česko při... | bez spěchu | 1 | |
| 2. | Dva zkušení borci, 66letý Joha... | traktory | 0 | |
| 3. | Plaketu věnovanou které filmov... | Otíkovi | 0 | |
| 4. | Který unikátní předmět z Titan... | záchranná vesta | 0 | |
| 5. | V neděli 26. dubna 2026 byl vý... | v Londýně | 0 | |
| 6. | Vědci v minulosti několikrát t... | D) | 0 | |
| 7. | Světová zdravotnická organizac... | o Rumunsko | 1 | |
| 8. | V červenci 2025 Senát schválil... | 3 (2 a 4 za půl bodu) | 0 | |
| 9. | Na které z fotografií se nachá... | A) | 0 | |
| 10. | Tinktura z opia se v minulosti... | laudanum | 1 |